Derner nokhn regn (Record no. 32630)
[ view plain ]
| 000 -LEADER | |
|---|---|
| fixed length control field | 00560cam a22002051 4500 |
| 001 - CONTROL NUMBER | |
| control field | he 67001755 |
| 003 - CONTROL NUMBER IDENTIFIER | |
| control field | DLC |
| 005 - DATE AND TIME OF LATEST TRANSACTION | |
| control field | 20260227111450.0 |
| 008 - FIXED-LENGTH DATA ELEMENTS--GENERAL INFORMATION | |
| fixed length control field | 870522s1966 is a 000 0 yidr |
| 010 ## - LIBRARY OF CONGRESS CONTROL NUMBER | |
| LC control number | he 67001755 |
| 035 ## - SYSTEM CONTROL NUMBER | |
| System control number | (OCoLC)15727987 |
| 040 ## - CATALOGING SOURCE | |
| Original cataloging agency | DLC |
| Transcribing agency | TxU |
| Modifying agency | TxU |
| -- | DLC |
| 042 ## - AUTHENTICATION CODE | |
| Authentication code | premarc |
| 050 00 - LIBRARY OF CONGRESS CALL NUMBER | |
| Classification number | PJ5129.F534 |
| Item number | D4 |
| 100 1# - MAIN ENTRY--PERSONAL NAME | |
| Personal name | Fishman, Rokhel. |
| 245 10 - TITLE STATEMENT | |
| Title | Derner nokhn regn |
| Statement of responsibility, etc. | [fun] Rahel Fishman. |
| 260 ## - PUBLICATION, DISTRIBUTION, ETC. | |
| Place of publication, distribution, etc. | [Tel-Aviv, |
| Name of publisher, distributor, etc. | Yisroel-Bukh, |
| Date of publication, distribution, etc. | 1966] |
| 300 ## - PHYSICAL DESCRIPTION | |
| Extent | 84 p. |
| Other physical details | illus. |
| Dimensions | 21 cm. |
| 500 ## - GENERAL NOTE | |
| General note | "Lider geshribn in di yorn 1962-1966" |
No items available.